000 00775nam a2200229 i 4500
001 C2-0110118
003 PPAK
005 20180727103020.0
008 970622s xx a|||| ||||| | eng d
040 _aPPAK
_beng
_cPPAK
_erda
082 0 4 _a726.14309595112
_223
090 0 0 _a726.14309595112
_bLAM
_dKK
100 1 _aLamb, Alastair,
_eauthor
245 1 2 _aA model of the temple on the river of cut stone
_ba review of its contents
264 1 _a[place of publication not identified] :
_b[publisher not identified] ,
_c[date of publication not identified]
300 _a[3 pages] :
_billustrations ;
_c22 cm
336 _2rdacontent
_atext
337 _2rdamedia
_aunmediated
338 _2rdacarrier
_avolume
650 1 0 _aArchitecture, Hindu - Kedah.
942 _ddc
_cB
999 _c27291
_d27291